000 00264nam a2200109Ia 4500
008 190216s9999||||xx |||||||||||||| ||und||
100 _aGupta C B
245 0 _aIntroduction To Statistical Methods
260 _bKerala Basha Inst
_c1973
300 _a822p
942 _cBK
999 _c4087
_d4087